LIBRARY & INFORMATION CENTRE, KCAET, TAVANUR

ONLINE PUBLIC ACCESS CATALOGUE (OPAC)

Amplified old testament, Part 2 / (Record no. 2238)

MARC details
000 -LEADER
fixed length control field 00390cam a2200157ua 4500
041 ## - LANGUAGE CODE
Language code of text/sound track or separate title eng
082 ## - DEWEY DECIMAL CLASSIFICATION NUMBER
Classification number 221
Item number MAL/AM
100 ## - MAIN ENTRY--AUTHOR NAME
Personal name Malachi-Job, .
245 ## - TITLE STATEMENT
Title Amplified old testament, Part 2 /
250 ## - EDITION STATEMENT
Edition statement 3 /
260 ## - PUBLICATION, DISTRIBUTION, ETC. (IMPRINT)
Place of publication :
Name of publisher Zondervan publishing house ,
Year of publication 1962.
300 ## - PHYSICAL DESCRIPTION
Number of Pages 1213 ; .
942 ## - ADDED ENTRY ELEMENTS (KOHA)
Koha item type Books
Holdings
Withdrawn status Lost status Damaged status Home library Current library Date acquired Cost, normal purchase price Full call number Accession Number Koha item type Public note
Withdrawn     KAUAET Sanskrit University 07/04/2012 40.00 221 7136 Books Transferred to Sanskrit University
free website counter